National Anthem of Côte d'Ivoire (Ivory Coast) - L'Abidjanaise - Statistics

General Stats
  • This quiz has been taken 4 times
  • The average score is 36 of 87
Answer Stats
Lyrics % Correct
Te
100%
à
67%
Côte
67%
de
67%
de
67%
de
67%
De
67%
de
67%
de
67%
de
67%
En
67%
fils,
67%
la
67%
la
67%
la
67%
La
67%
la
67%
La
67%
la
67%
La
67%
la
67%
le
67%
le
67%
liberté,
67%
Ô
67%
pour
67%
terre
67%
un
67%
appelle.
33%
artisans
33%
bonheur.
33%
dans
33%
dans
33%
dans
33%
d'espérance;
33%
d'être
33%
devoir
33%
dignité.
33%
d'Ivoire,
33%
Fiers
33%
Fiers
33%
foi
33%
forgeant,
33%
fraternité.
33%
fraternité.
33%
fraternité.
33%
gloire
33%
grandeur,
33%
Ivoiriens,
33%
l'espérance
33%
l'hospitalité.
33%
l'humanité,
33%
modèle
33%
Notre
33%
nous
33%
nous
33%
nouvelle,
33%
Ont
33%
paix
33%
patrie
33%
patrie
33%
patrie
33%
Pays
33%
pays
33%
promise
33%
ramené
33%
relevé
33%
Salut
33%
sera
33%
Si
33%
ta
33%
ta
33%
ta
33%
Tes
33%
Tes
33%
unis
33%
vraie
33%
vraie
33%
vraie
33%
avons
0%
bâtiront
0%
chère
0%
légions
0%
rassemblés
0%
remplies
0%
Tous
0%
vaillance
0%
No matching quizzes found
Score Distribution
Percent of People with Each Score
Percentile by Number Answered
Your Score History
You have not taken this quiz